Κατάλογος Βιβλιοθηκών Mediterranean College

Trail Guide to the Body / A Hands-on Guide to Locating Muscles, Bones, and more (Record no. 3155)

MARC details
000 -LEADER
fixed length control field 01435cam a22002054a 4500
005 - ΗΜΕΡΟΜΗΝΙΑ ΚΑΙ ΩΡΑ ΤΕΛΕΥΤΑΙΑΣ ΕΝΗΜΕΡΩΣΗΣ
Πεδίο ελέγχου 20250605164106.0
008 - FIXED-LENGTH DATA ELEMENTS--GENERAL INFORMATION
Πεδίο ελέγχου σταθερού μήκους 250528s ||||||||||||||||||||||||d
035 ## - SYSTEM CONTROL NUMBER
System control number 17754
020 ## - ISBN
ISBN 9780982978658
040 ## - ΠΗΓΗ ΚΑΤΑΛΟΓΟΓΡΑΦΗΣΗΣ
Φορέας πρωτότυπης καταλογογράφησης MC Athens Campus Library
Γλώσσα καταλογογράφησης Ελληνικά, Μοντέρνα (1453-)
Modifying agency MC Athens Campus Library
Κανόνες περιγραφικής καταλογογράφησης AACR2
245 1# - ΤΙΤΛΟΣ ΚΑΙ ΔΗΛΩΣΗ ΥΠΕΥΘΥΝΟΤΗΤΑΣ
Τίτλος Trail Guide to the Body / A Hands-on Guide to Locating Muscles, Bones, and more
250 ## - EDITION STATEMENT
Edition statement 5th
260 ## - PUBLICATION, DISTRIBUTION, ETC.
Name of publisher, distributor, etc. Books of Discovery,
Date of publication, distribution, etc. 2014
300 ## - PHYSICAL DESCRIPTION
Extent 496
520 ## - SUMMARY, ETC.
Summary, etc. This book will teach you to palpate the body's structures with ease and precision. Introduction - Tour Guide Trips, Navigating the Body, Shoulder and Arm, Bones of the Shoulder and Arm, Muscles of the Shoulder and Arm, Other Structures of the Shoulder and Arm, Forearm and Hand, Bones of the Forearm and Hand, Other Structures of the Forearm and Hand, Spine and Thorax, Bones of the Spine and Thorax, Muscles of the Spine and Thorax, Other Structures of the Spine and Thorax, Head and Neck and Face, Bones and Bony Landmarks of the Head and Neck and Face, Muscles of the Head and Neck and Face, Other Structures of the Head and Neck and Face, Pelvis and Thigh, Bones of the Pelvis and Thigh, Muscles of the Pelvis and Thigh, Other Structures of the Pelvis and Thigh, Leg and Foot, Bone of the Knee and Leg and Foot, Bones and Bony Landmarks of the Ankle and Foot, Muscles of the Leg and Foot, Appendices.
700 1# - ΠΡΟΣΘΕΤΗ ΑΝΑΓΡΑΦΗ--ΦΥΣΙΚΟ ΠΡΟΣΩΠΟ
Personal name Biel Andrew
9 (RLIN) 3959
942 ## - ADDED ENTRY ELEMENTS (KOHA)
Koha item type Books
Holdings
Τύπος τεκμηρίου Βιβλιοθήκη Τρέχουσα τοποθεσία Barcode Αριθμός εισαγωγής Ημερομηνία απόκτησης Ταξιθετικό σύμβολο Αριθμός αντιτύπου Κατάσταση απόσυρσης Κατάσταση χαμένου Κατάσταση κατεστραμμένου Μη δανεισμός Σύνολο δανεισμών Ημερομηνία τελευταίας εμφάνισης Η τιμή ισχύει από
Books MC Athens Campus Library MC Athens Campus Library 9780000031549 7119 05/06/2025 REF 611 BIE 1           05/06/2025 05/06/2025

MC Athens Campus Library
Πατησίων 94 & Κοδριγκτώνος 13, 104 34
Πελλήνης 8 & Πατησίων 107, 112 51
Τ: +30 210 8899600

MC Thessaloniki Campus Library
Ίωνος Δραγούμη 21, 54625 | Ίωνος Δραγούμη 15, 54625
Τ: +30 2310 287779 – Τ: +30 2314 440300